| 000 | 00807nam a22002412 4500 | ||
|---|---|---|---|
| 001 | 0000023455 | ||
| 005 | 20151217152241.0 | ||
| 008 | 121204s xx 000 0 eng d | ||
| 020 | _a0890662630 : | ||
| 040 |
_aKABU _cKABU |
||
| 100 | 1 |
_aGraham, Billy. _@0000182858 |
|
| 245 | 1 | 4 |
_aThe Faithful christian : _ban anthology of Billy Graham / _ccompiled by William Griffin and Ruth Graham Dienert. |
| 250 | _a1st ed. | ||
| 260 |
_aNew York : _bMcCracken Press, _c1994. |
||
| 300 | _axvii, 265 p. | ||
| 650 | 0 |
_aTheology, Doctrinal. _@0000100890 |
|
| 650 | 0 |
_aChristian life _xBaptist authors. _@0000182859 |
|
| 700 | 1 |
_aGriffin, William. _@0000182860 |
|
| 700 | 1 |
_aDienert, Ruth Graham. _@0000182861 |
|
| 852 | 1 | _9p500 KES | |
| 908 | _a121204 | ||
| 950 | _@1 | ||
| 999 |
_c9827 _d9827 |
||